| 000 | 01104cam a2200265 a 4500 | ||
|---|---|---|---|
| 999 |
_c356109 _d356109 |
||
| 001 | 2976249 | ||
| 003 | NUST | ||
| 005 | 20180122113909.0 | ||
| 008 | 920225s1993 nyuab b 001 0 eng | ||
| 010 | _a 92008267 | ||
| 020 |
_a0070492581 : _c$55.95 |
||
| 040 |
_aDLC _cDLC _dDLC |
||
| 050 | 0 | 0 |
_aQR41.2 _b.P42 1993 |
| 082 | 0 | 0 |
_a576 PEL _220 |
| 100 | 1 |
_aPelczar, Michael J. _q(Michael Joseph), _d1916- _97175 |
|
| 245 | 1 | 0 |
_aMicrobiology : _bconcepts and applications / _cMichael J. Pelczar, Jr., E.C.S. Chan, Noel R. Krieg ; Diane D. Edwards, science writer ; Merna F. Pelczar, contributor. |
| 260 |
_aNew York : _bMcGraw-Hill, _cc1993. |
||
| 300 |
_a1 v. (various pagings) : _bill. (some col.), col. maps ; _c29 cm. |
||
| 500 | _aP.B | ||
| 504 | _aIncludes bibliographical references and index. | ||
| 650 | 0 |
_aMicrobiology. _99469 |
|
| 700 | 1 |
_aChan, E. C. S. _q(Eddie Chin Sun) _97177 |
|
| 700 | 1 |
_aKrieg, Noel R. _97178 |
|
| 906 |
_a7 _bcbc _corignew _d1 _eocip _f19 _gy-gencatlg |
||
| 942 |
_2ddc _cBK _kIESE |
||